El derecho de huelga: perspectiva constitucional / (Registro nro. 5891)
[ vista simple ]
| 000 -LEADER | |
|---|---|
| fixed length control field | 01288nab a22002177a 4500 |
| 003 - CONTROL NUMBER IDENTIFIER | |
| control field | OSt |
| 005 - DATE AND TIME OF LATEST TRANSACTION | |
| control field | 20260109233020.0 |
| 008 - FIXED-LENGTH DATA ELEMENTS--GENERAL INFORMATION | |
| fixed length control field | 190605e xxu||||| |||| 00| 0 spa d |
| 040 ## - CATALOGING SOURCE | |
| Transcribing agency | PJ |
| 100 ## - MAIN ENTRY--PERSONAL NAME | |
| 9 (RLIN) | 2713 |
| Personal name | Santiago, Alfonso (h) |
| 245 13 - TITLE STATEMENT | |
| Title | El derecho de huelga: perspectiva constitucional / |
| Statement of responsibility, etc | Alfonso Santiago. |
| 260 ## - PUBLICATION, DISTRIBUTION, ETC. (IMPRINT) | |
| Place of publication, distribution, etc | Ciudad Autónoma de Buenos Aires : |
| Name of publisher, distributor, etc | Thomson Reuters La Ley, |
| Date of publication, distribution, etc | 2023. |
| 300 ## - PHYSICAL DESCRIPTION | |
| Extent | p. 73-82 |
| 500 ## - GENERAL NOTE | |
| General note | Cita: TR LALEY AR/DOC/1350/2023.<br/><br/> |
| 505 ## - FORMATTED CONTENTS NOTE | |
| Formatted contents note | Sumario: I. Presentación.— II. Las concepciones jurídicas acerca de las relaciones entre Derecho y huelga.— III. Los límites constitucionales, convencionales y legales del derecho de huelga.— IV. El test de proporcionalidad como instrumento de armonización cuando el derecho de huelga entra en tensión con otros derechos constitucionales.— V. Repertorio de Principios de la OIT en materia de derecho de huelga.— VI. Consideraciones finales. |
| 505 ## - FORMATTED CONTENTS NOTE | |
| Title | ¿Te interesa el texto completo? Solicitalo al correo: koha@justierradelfuego.gov.ar |
| 650 #0 - SUBJECT ADDED ENTRY--TOPICAL TERM | |
| 9 (RLIN) | 1316 |
| Topical term or geographic name as entry element | DERECHO LABORAL |
| 650 #0 - SUBJECT ADDED ENTRY--TOPICAL TERM | |
| 9 (RLIN) | 4564 |
| Topical term or geographic name as entry element | DERECHO DE HUELGA |
| 773 0# - HOST ITEM ENTRY | |
| Host Biblionumber | 2711 |
| Host Itemnumber | 3168 |
| Place, publisher, and date of publication | Ciudad Autónoma de Buenos Aires : Thomson Reuters La Ley, 1999-2002. |
| Title | Revista de derecho del trabajo. Nº 4 - Julio 2023 |
| 942 ## - ADDED ENTRY ELEMENTS (KOHA) | |
| Source of classification or shelving scheme | |
| Koha item type | Analítica Artículo de Revista |
No hay ítems disponibles.
